Sanat - "Hän tanssi kanssa enkeleiden" - YÖ - Statistics

Yleistilastot
  • Tätä visaa on pelattu 10 kertaa
  • Keskiarvotulos 158 / 222
Vastaustilastot
Vastaus % Oikein
en
100%
enkeleiden
100%
Hän
100%
hän
100%
kanssa
100%
pienen
100%
tanssi
100%
Tanssi
100%
tanssin
100%
ja
90%
jo
80%
kuin
80%
Kun
80%
kun
80%
vain
80%
ei
70%
jälkeen
70%
miten
70%
nähdä
70%
niin
70%
on
70%
sen
70%
vaan
70%
edessäni
60%
elää
60%
etten
60%
häntä
60%
kaiken
60%
kauniimpaa
60%
koskaan
60%
kuitenkaan
60%
lähdetään
60%
lähti
60%
milloinkaan
60%
nään
60%
näytöksensä
60%
saanut
60%
synnytään
60%
täältä
60%
taas
60%
tärkeintä
60%
tiedä
60%
tiedän
60%
tulenliekki
60%
tuntea
60%
unohtaa
60%
uudelleen
60%
valssin
60%
voi
60%
voin
60%
yhden
60%
asemien
50%
askeleen
50%
ihminen
50%
jää
50%
jokaisen
50%
käteen
50%
kuinka
50%
maksetaan
50%
niitä
50%
nuo
50%
osaa
50%
paikoilleen
50%
paljon
50%
pysäyttää
50%
silmät
50%
suljen
50%
täällä
50%
tietää
50%
tilit
50%
viimeiset
50%
joita
40%
kellot
40%
mistä
40%
Palat
40%
pienet
40%
Suuret
20%
hiljaisetn
0%
Ehtoja vastaavia visoja ei löytynyt
Tulosjakauma
Jokaisen tuloksen saaneiden osuus
Persentiili vastausten määrän mukaan
Tuloshistoriasi
Et ole pelannut tätä visaa